Otvorené dvierka pre duálne vzdelávanie
Konferencia Firmy & školy 2015. Zatraktívnenie odborov, ktoré dnes už mladých nelákajú. Zavedenie duálneho vzdelávania od septembra tohto roku. Vzdelávanie pre potreby trhu práce. Nižší normatív pre školy. Systém podpôr pre zamestnávateľa a pre žiaka.
Na minha lista:
| Autor principal: | |
|---|---|
| Formato: | Capítulo de Livro |
| Idioma: | eslovaco |
| Assuntos: | |
| Tags: |
Sem tags, seja o primeiro a adicionar uma tag!
|
MARC
| LEADER | 00000naa a2200000 4500 | ||
|---|---|---|---|
| 001 | 0200483 | ||
| 005 | 20231113103036.4 | ||
| 041 | 0 | |a slo | |
| 044 | |a SK | ||
| 245 | 1 | 0 | |a Otvorené dvierka pre duálne vzdelávanie |c Mária Hunková |
| 520 | |a Konferencia Firmy & školy 2015. Zatraktívnenie odborov, ktoré dnes už mladých nelákajú. Zavedenie duálneho vzdelávania od septembra tohto roku. Vzdelávanie pre potreby trhu práce. Nižší normatív pre školy. Systém podpôr pre zamestnávateľa a pre žiaka. | ||
| 610 | 2 | 0 | |a vzdelávanie |
| 610 | 2 | 0 | |a školy stredné odborné |
| 610 | 2 | 0 | |a firmy |
| 610 | 2 | 0 | |a práca |
| 610 | 2 | 0 | |a trh práce |
| 610 | 2 | 0 | |a financie |
| 610 | 2 | 0 | |a podpora štátna |
| 100 | 1 | |a Hunková, Mária | |